| 000 | 02598nam a2200289Ia 4500 | ||
|---|---|---|---|
| 003 | OSt | ||
| 005 | 20211112144842.0 | ||
| 008 | 210310s1944 mx fr 000 0 spa d | ||
| 020 | _a9789681602099 | ||
| 040 |
_aCO-JMCR _cCO-JMCR |
||
| 041 | 1 |
_aspa _hfre |
|
| 082 | 0 | 4 |
_a330.1 / _bS392t _223 |
| 100 | 1 |
_aSchumpeter, Joseph Alois, _918234 _eautor |
|
| 245 | 1 | 0 |
_aTeoría del desenvolvimiento económico : _buna investigación sobre ganancias, capital, crédito, interés y ciclo económico / _cJoseph A. Schumpeter ; traducción de Jesús Prados Arrarte |
| 250 | _aPrimera edición | ||
| 260 |
_aMéxico : _bFondo de Cultura Económica, _c1944 |
||
| 300 |
_a254 páginas ; _c22 cm. |
||
| 490 | 0 | _aSección de Obras de Economía | |
| 500 | _aIncluye notas a pie de página. Título original: Theorie der wirtschaftlichen Entwicklung | ||
| 505 | 0 | _aLa corriente circular de la vida económica en tanto que condicionada por circunstancias dadas -- El fenómeno fundamental del desenvolvimiento económico -- Crédito y capital -- La ganancia del empresario -- Interés de capital -- El ciclo económico | |
| 520 | 3 | _aCuando en 1907 Joseph A. Schumpeter comenzó a estudiar el desenvolvimiento económico, se dio cuenta de que la teoría tradicional no era suficiente y de que, aunque la llamada "economía dinámica" había descubierto diversos factores externos que causaban cambios en el mundo económico, todavía no era posible explicar los procesos históricos que envolvían tales transformaciones. Sin embargo, fue él mismo quien encontró un factor puramente económico y de enorme importancia: la "innovación". En esta obra, Schumpeter explica y demuestra que la manera en que las innovaciones y los avances tecnológicos son absorbidos por el sistema permite explicar las continuas revoluciones económicas y su realidad histórica. Modelo teórico mera mente enfocado en el desenvolvimiento económico, esta propuesta es aún en nuestros días un texto clave para los estudiosos de la economía. Joseph A. Schumpeter (1883-1950), economista austriaco-estadunidense nacido en Moravia, hoy República Checa, llegó a ser ministro de Finanzas de Austria y profesor en las universidades de Bonn y Harvard. El FCE ha publicado sus libros Historia del análisis económico (2 vols.) y Elementos de matemáticas para economistas y estadigrafos (en coautoria con William Leonard Crum). | |
| 546 | _aTraducido del francés. | ||
| 650 | 1 | 4 |
_aEconomía _918236 _xTeoría |
| 650 | 2 | 4 |
_aEconomía _xHistoria _97392 |
| 700 | 1 |
_aPrados Arrarte, Jesús, _etraductor _941515 |
|
| 942 |
_2ddc _cBK |
||
| 999 |
_c8769 _d8769 |
||